STRENGTH OF MATERIALS :ADVANCED THEORY AND PROBLEMS.PART-1 (Record no. 14547)

MARC details
000 -LEADER
fixed length control field 00386nam a22001577a 4500
003 - CONTROL NUMBER IDENTIFIER
control field SGT
020 ## - INTERNATIONAL STANDARD BOOK NUMBER
International Standard Book Number 81-239-1030-4
082 ## - DEWEY DECIMAL CLASSIFICATION NUMBER
Classification number 620.112
Item number TIM
100 ## - MAIN ENTRY--PERSONAL NAME
Personal name TIMOSHENKO,STEPHEN
245 ## - TITLE STATEMENT
Title STRENGTH OF MATERIALS :ADVANCED THEORY AND PROBLEMS.PART-1
250 ## - EDITION STATEMENT
Edition statement 3RD
260 ## - PUBLICATION, DISTRIBUTION, ETC. (IMPRINT)
Place of publication, distribution, etc NEW DELHI
Name of publisher, distributor, etc CBS PUBLISHERS
Year of Publication 2002
300 ## - PAGE DESCRIPTION
No. of Pages 441
650 ## - SUBJECT ADDED ENTRY--TOPICAL TERM
Topical term or geographic name as entry element CIVIL ENGINEERING
942 ## - ADDED ENTRY ELEMENTS (KOHA)
Source of classification or shelving scheme Dewey Decimal Classification
Koha item type Books
Holdings
Withdrawn status Lost status Source of classification or shelving scheme Damaged status Not for loan Collection code Home library Current library Shelving location Date acquired Vendor Name Cost, normal purchase price Volume Information (Serial or Books or Non-Book Material) SGTU Bill Number Total Checkouts Full call number Accession No. (Barcode) Date last seen Bill Date Koha item type Date last borrowed
    Dewey Decimal Classification     ENGINEERING SGT Engineering Library SGT Engineering Library Text Book 16/01/2018 KIRTI PRAKASHAN (NEW DELHI ) 380.00 1 SGTU IN1297   620.112 TIM FE6970 16/01/2018   Books  
    Dewey Decimal Classification     ENGINEERING SGT Engineering Library SGT Engineering Library Text Book 16/01/2018 KIRTI PRAKASHAN (NEW DELHI ) 380.00 1 SGTU IN1297 1 620.112 TIM FE6971 14/08/2019   Books 06/08/2019
    Dewey Decimal Classification     ENGINEERING SGT Engineering Library SGT Engineering Library Text Book 16/01/2018 KIRTI PRAKASHAN (NEW DELHI ) 380.00 1 SGTU IN1297   620.112 TIM FE6972 16/01/2018   Books  
    Dewey Decimal Classification     ENGINEERING SGT Engineering Library SGT Engineering Library Text Book 16/01/2018 KIRTI PRAKASHAN (NEW DELHI ) 380.00 1 SGTU IN1297   620.112 TIM FE6973 16/01/2018   Books